000 00806nam a2200229Ia 4500
003 OSt
005 20220926002500.0
006 a|||||r|||| 00| 0
007 ta
008 220923b |||||||| |||| 00| 0 eng d
037 _cGeneral Book
040 _aRTL
_cRTL
_beng
041 _2eng
_aeng
082 _aDelta 73v243.M5, L2
100 _aSharda S R
_9305935
245 0 _aSufi thought
_b Its development in Punjab and its impact on panjabi literature from Baba Farid to 1850 ad
260 _a New Delhi
_bMunshiram Manoharlal Publishers India
_c1972
300 _axxiv,288p. Bibliography P 270-79, Appendix P 261-69
_ccm.
650 _aSpiritual Experience and Mysticism
_9235713
942 _hDelta 73v243.M5, L2
_cGB
_2CC
999 _c605196
_d605196